LEADER 00945nam0-22002891i-450- 001 990003935100403321 035 $a000393510 035 $aFED01000393510 035 $a(Aleph)000393510FED01 035 $a000393510 100 $a20021210d1967----km-y0itay50------ba 101 0 $aeng 102 $aUS 200 1 $aDifferentials in Hourly Earnings by Region and City Size$e1959$fVictor R. Fuchs 210 $aNew York$cNBER$aNew York$aLondon$cColumbia University Press [distributor]$d1967 215 $ax, 50 p.$d23 cm 225 1 $aOccasional paper$fNational bureau of economic research$v101 610 0 $aSalari 700 1$aFuchs,$bVictor R.$f<1924- >$046998 801 0$aIT$bUNINA$gRICA$2UNIMARC 901 $aBK 912 $a990003935100403321 952 $aK/3.1221 FUC$b04140$fSES 952 $aK/3.1221 FUC$b041406$fSES 959 $aSES 996 $aDifferentials in Hourly Earnings by Region and City Size$9511521 997 $aUNINA LEADER 01445nam0 22002891i 450 001 UON00007826 005 20250114105842.354 100 $a20020107d1889 |0itac50 ba 101 $aita 102 $aIT 105 $a|||| 1|||| 200 1 $aˆI ‰demoni dell'aria$eMemoria letta all'Accademia di Archeologia, Lettere e Belle Arti in varie tornate dell'anno 1889$fdal socio Michele Kerbaker 205 $aNapoli : Tipografia della Regia Università$b1889 210 $a96 p.$a31 cm 215 $aRilegato con: Varuna, genio del cielo sidereo 316 $aRilegato con inv. SA 69428.$5IT-UONSI RARISIVII A/047 (2) 620 $aIT$dNapoli$3UONL000012 686 $aSI VII A$cSubcontinente indiano - Religione e filosofia - Hinduismo$2A 700 1$aKERBAKER$bMichele$3UONV002005$0177076 712 $aRegia Università$3UONV246687$4650 801 $aIT$bSOL$c20250711$gRICA 856 4 $uhttp://next.unior.it/sebina/repository/catalogazione/documenti/Kerbaker I demoni.pdf$zKerbaker I demoni_SiBA_Dig._Unior 899 $aSIBA - SISTEMA BIBLIOTECARIO DI ATENEO$2UONSI$uhttp://next.unior.it/sebina/repository/catalogazione/documenti/Kerbaker I demoni.pdf 912 $aUON00007826 950 $aSIBA - SISTEMA BIBLIOTECARIO DI ATENEO$dSI RARI SI VII A 047 (2) $eSI SA 69429 7 047 (2) Rilegato con inv. SA 69428. 996 $aDemoni dell'aria$91176829 997 $aUNIOR